US State Capitals by Phonetic Name Quiz Stats

 Plays Quiz Updated Mar 5, 2014

Challenge
Share
Tweet
Embed
Score 0/50 Timer 05:00
0 Plays Today
Phonetic Spelling State Capital % Correct
ˌɪndiəˈnæpoʊlɨsIndianapolis
98.4%
ˈdɛnvərDenver
98%
prɵvɪdɛnsProvidence
95.7%
sprɪŋɡfiːldSpringfield
95%
hɑːrtfɒrdHartford
93.9%
ˌsæntəˈfeɪSanta Fe
93.4%
ˈbɒstənBoston
92.1%
ˈseɪləmSalem
91.5%
ætˈlæntəAtlanta
91.3%
ˈhɛlɨnəHelena
91.2%
hærɪsbɜrgHarrisburg
90.7%
sɒlt leɪk sɪtiSalt Lake City
90.5%
kɒlʌmbʌsColumbus
90.1%
ˌbætən ˈruːʒBaton Rouge
89.8%
sækrəmɛntoSacramento
89%
kɑrsən sɪtiCarson City
88.8%
doʊvɛrDover
88.4%
ˌoʊkləˈhoʊmə sɪtiOklahoma City
87.7%
hɒnəˈluːluːHonolulu
87%
mɒntˈɡʌməriMontgomery
87%
fræŋkfɒrtFrankfort
86.7%
ˈɔːlbəniːAlbany
86.4%
ɔːgʊstæAugusta
86.2%
ænæpoʊlɨsAnnapolis
86.2%
ˌtæləˈhæsiTallahassee
85.6%
Phonetic Spelling State Capital % Correct
tɵˈpiːkəTopeka
85.5%
trɛntən Trenton
85.4%
ˈkɒn.kərdConcord
85.1%
lɪtəl rɑkLittle Rock
85%
bɪzmɑrkBismarck
84.2%
ɒstɪnAustin
82.4%
kɒlʌmbiəColumbia
82.3%
lɪŋkənLincoln
81.7%
olɪmpiəOlympia
81.6%
ˈbɔɪsiːBoise
81.5%
ˌseɪnt ˈpɔːlSaint Paul
80.6%
ˈpɪərPierre
78.5%
ˈlænsɪŋLansing
77.9%
ˈfiːnɪksPhoenix
77.5%
mædəsənMadison
77.5%
ˈrɔːliRaleigh
75.3%
dʒɛfərsən sɪtiJefferson City
75%
ˈrɪtʃməndRichmond
72%
tʃɑrlstənCharleston
71.2%
mɒntˈpiːliərMontpelier
71%
dɨˈmɔɪnDes Moines
70.9%
dʒæksən Jackson
65.1%
næʃvɪlNashville
61.1%
ˈdʒuːnoʊJuneau
58.7%
ʃaɪˈæn / ʃaɪˈɛnCheyenne
33.8%

You're not logged in!

Compare scores with friends on all Sporcle quizzes.
OR
Log In

You Might Also Like...

Show Comments

Extras

Top Quizzes Today


Score Distribution

Your Account Isn't Verified!

In order to create a playlist on Sporcle, you need to verify the email address you used during registration. Go to your Sporcle Settings to finish the process.

Report this User

Report this user for behavior that violates our Community Guidelines.

Details: